| 000 | 00477nam a2200157 i 4500 | ||
|---|---|---|---|
| 001 | 107007 | ||
| 003 | ES-MaACL | ||
| 005 | 20230906184327.0 | ||
| 007 | t| | ||
| 008 | 061121s1915 fr r ||||1| fre d | ||
| 100 | 1 |
_aMoret, Jacques. _983471 |
|
| 245 | 1 | 2 |
_aL'emploi des mathématiques en économie politique _b: thése pour le doctorat / _cpar Jacques Moret. |
| 260 |
_aParís : _bM. Giard et E. Briére, _c1915. |
||
| 300 |
_a271 p. ; _c25 cm. |
||
| 852 |
_aES-MaACL _jA-1632 |
||
| 999 |
_c107007 _d107007 |
||